Influence of Wear-Resistant Coating on the Reliability of Replaceable Inserts in Cutting Steel; IOP Conference Series: Materials Science and Engineering; Vol. 795 : Mechanical Engineering and Modern Technologies (MEMT2019)

Podrobná bibliografie
Parent link:IOP Conference Series: Materials Science and Engineering
Vol. 795 : Mechanical Engineering and Modern Technologies (MEMT2019).— 2020.— [012023, 6 p.]
Hlavní autor: Zhang J.
Korporativní autor: Национальный исследовательский Томский политехнический университет Инженерная школа новых производственных технологий Отделение материаловедения
Další autoři: Kozlov V. N. Victor Nikolayevich, Liu S.
Shrnutí:Title screen
Results of cutting tool life research of replaceable inserts (replaceable polyhedral plates) with wear-resistant coating and stressed-deformed condition of their cutting wedge are presented. Investigations have been executed in steel (0.40 % C, 1 % Cr) machining. Components of cutting force were measured by means of the dynamometer Kistler, magnitude and distribution of contact stresses have been defined according to earlier executed research in this area with use of a method of a sectional (split) cutting tool. Calculation of stresses in a cutting insert has been executed with use of program ANSYS which has displayed reduction of internal stresses in a base material of the insert with an antiwear coating in comparison with the insert without it. In the antiwear coating equivalent stresses more than in the insert without a coating and rich 1821 MPa. Experimental data on influence of various kinds of coats on cutting tool life and strength of replaceable inserts are presented.
Jazyk:angličtina
Vydáno: 2020
Témata:
On-line přístup:https://doi.org/10.1088/1757-899X/795/1/012023
http://earchive.tpu.ru/handle/11683/63144
Médium: MixedMaterials Elektronický zdroj Kapitola
KOHA link:https://koha.lib.tpu.ru/cgi-bin/koha/opac-detail.pl?biblionumber=662759

MARC

LEADER 00000naa2a2200000 4500
001 662759
005 20260113132410.0
035 |a (RuTPU)RU\TPU\network\33915 
035 |a RU\TPU\network\33914 
090 |a 662759 
100 |a 20201007d2020 k||y0rusy50 ba 
101 0 |a eng 
102 |a GB 
135 |a vrcn ---uucaa 
181 0 |a i  
182 0 |a b 
200 1 |a Influence of Wear-Resistant Coating on the Reliability of Replaceable Inserts in Cutting Steel  |f J. Zhang, V. N. Kozlov, S. Liu 
203 |a Text  |c electronic 
300 |a Title screen 
320 |a [References: 11 tit.] 
330 |a Results of cutting tool life research of replaceable inserts (replaceable polyhedral plates) with wear-resistant coating and stressed-deformed condition of their cutting wedge are presented. Investigations have been executed in steel (0.40 % C, 1 % Cr) machining. Components of cutting force were measured by means of the dynamometer Kistler, magnitude and distribution of contact stresses have been defined according to earlier executed research in this area with use of a method of a sectional (split) cutting tool. Calculation of stresses in a cutting insert has been executed with use of program ANSYS which has displayed reduction of internal stresses in a base material of the insert with an antiwear coating in comparison with the insert without it. In the antiwear coating equivalent stresses more than in the insert without a coating and rich 1821 MPa. Experimental data on influence of various kinds of coats on cutting tool life and strength of replaceable inserts are presented. 
461 1 |0 (RuTPU)RU\TPU\network\2008  |t IOP Conference Series: Materials Science and Engineering 
463 1 |0 (RuTPU)RU\TPU\network\33707  |t Vol. 795 : Mechanical Engineering and Modern Technologies (MEMT2019)  |o International Conference, 28 October 2019 - 1 November 2019, Tomsk, Russian Federation  |o [proceedings]  |f National Research Tomsk Polytechnic University (TPU)  |v [012023, 6 p.]  |d 2020 
610 1 |a электронный ресурс 
610 1 |a труды учёных ТПУ 
610 1 |a износостойкие покрытия 
610 1 |a надежность 
610 1 |a сменные пластины 
610 1 |a резка 
610 1 |a стали 
610 1 |a режущие инструменты 
610 1 |a напряженно-деформированные состояния 
610 1 |a покрытия 
700 1 |a Zhang  |b J. 
701 1 |a Kozlov  |b V. N.  |c specialist in the field of mechanical engineering  |c Associate Professor of Tomsk Polytechnic University, Candidate of technical sciences  |f 1958-  |g Victor Nikolayevich  |3 (RuTPU)RU\TPU\pers\32610  |9 16523 
701 1 |a Liu  |b S. 
712 0 2 |a Национальный исследовательский Томский политехнический университет  |b Инженерная школа новых производственных технологий  |b Отделение материаловедения  |3 (RuTPU)RU\TPU\col\23508 
801 1 |a RU  |b 63413507  |c 20150101  |g RCR 
801 2 |a RU  |b 63413507  |c 20201020  |g RCR 
856 4 |u https://doi.org/10.1088/1757-899X/795/1/012023 
856 4 |u http://earchive.tpu.ru/handle/11683/63144 
942 |c CF